[Event "Tournoi ouvert de Gatineau (Section -1500)"]
[Site "Gatineau"]
[Date "2014.02.28"]
[Round "1"]
[White "Menard,Marc"]
[Black "Pellerin-Leclerc,Jonathan"]
[Result "1-0"]
[BlackElo "1267"]
[WhiteElo "1456"]

1.e4 Nf6 2.e5 Nd5 3.c4 Nb6 4.d4 d6 5.f4 dxe5 6.fxe5 e6 7.Nf3 c5 8.Be3 cxd4
9.Qxd4 Qxd4 10.Bxd4 Nc6 11.Bxb6 axb6 12.a3 Bc5 13.Nc3 Be3 14.Rd1 Ra5 15.Nb5
O-O 16.Rd3 Bf4 17.b4 Ra4 18.Rd6 Ra6 19.Be2 Nxe5 20.Nxe5 Bxe5 21.Rd3 Bf6
22.O-O e5 23.Nc7 Ra7 24.Nd5 Rd8 25.Nxf6+ 1-0

[Event "Tournoi ouvert de Gatineau (Section -1500)"]
[Site "Gatineau"]
[Date "2014.02.28"]
[Round "1"]
[White "Latreille,Etienne"]
[Black "Sailus,Christopher"]
[Result "0-1"]
[BlackElo "1174"]
[WhiteElo "1426"]

1.d4 Nf6 2.c4 c5 3.e3 g6 4.Nc3 cxd4 5.exd4 d5 6.Nf3 Bg7 7.Bf4 Bg4 8.h3 Bxf3
9.Qxf3 e6 10.c5 Nc6 11.Bb5 O-O 12.O-O Nxd4 13.Qd3 Nd7 14.Bd6 Re8 15.Rfe1 Nf5
16.Bxd7 Qxd7 17.Nb5 Rec8 18.Nc7 Nxd6 19.Nxa8 Rxc5 20.Qa3 Rc6 21.Qxa7 Ra6
22.Qb8+ Bf8 23.Rec1 Nc4 24.b3 Nd2 25.Rc8 Qe7 26.Rc7 Rxa8 27.Qxa8 Qxc7 28.Qa4
Qc5 29.Qf4 Ne4 30.Rc1 Qb6 31.Rc2 Bd6 32.Qh6 Qb4 33.Qe3 Kg7 34.Kf1 b6 35.Qe1
Qb5+ 36.Qe2 Qa5 37.Qe1 Bb4 38.Qe3 Nd2+ 39.Kg1 Ne4 40.Qd4+ Kg8 41.a3 Bxa3
42.Rc8+ Bf8 43.b4 Qa6 44.Rb8 b5 45.f3 Ng3 46.Qc5 Qa1+ 47.Kf2 Nh1+ 48.Ke2 Qb2+
49.Kd1 Nf2+ 50.Ke1 Nd3+ 51.Kd1 Nxc5 52.bxc5 Qd4+ 53.Ke1 Qxc5 0-1

[Event "Tournoi ouvert de Gatineau (Section -1500)"]
[Site "Gatineau"]
[Date "2014.02.28"]
[Round "1"]
[White "Mikhaylov,Dmitry"]
[Black "Poirier,Alexis"]
[Result "1/2-1/2"]
[BlackElo "1389"]
[WhiteElo "1137"]

1.e4 c5 2.Nf3 d6 3.c3 Nc6 4.d4 cxd4 5.cxd4 Bg4 6.Be3 Nf6 7.Nc3 e6 8.Bb5 a6
9.Ba4 b5 10.Bb3 Be7 11.O-O b4 12.Ne2 O-O 13.Ng3 d5 14.exd5 Nxd5 15.Bxd5 Qxd5
16.b3 Bf6 17.Rc1 Bxf3 18.Qxf3 Qxf3 19.gxf3 Nxd4 20.Kg2 Rfc8 21.Rcd1 Nb5
22.Ne4 Rc2 23.Nxf6+ gxf6 24.Bh6 Rxa2 25.Rd3 Nc3 26.Rg1 Kh8 27.Kh3 Rxf2
28.Bg7+ Kg8 29.Bh6+ Kh8 30.Bg7+ Kg8 31.Bh6+ Kh8 32.Bg7+ Kg8 1/2-1/2

[Event "Tournoi ouvert de Gatineau (Section -1500)"]
[Site "Gatineau"]
[Date "2014.02.28"]
[Round "1"]
[White "Ethier,Valori"]
[Black "Ketata,Nabil"]
[Result "1-0"]
[BlackElo "1115"]
[WhiteElo "1376"]

{ B28: Sicilian: 2 Nf3 a6 (O'Kelly Variation) } 1.e4 c5 2.Nf3 e6 3.d4 a6 4.c3
b5 5.Be3 d6
{ [Un 5ème coup de pion dans l'ouverture! Est-ce normal dans une
Défense Sicilienne ou dans toutes autres ouverture? J'aimerais bien l'avis d'un expert... Moi j'en doutte fortement. {Voici une partie annexé qui suite à un coup de développement correct 5....Fb7 , donnant le gain au Noir et non à
une sortie de la Dame (5...Dc7 comme dans la deuxième partie annexé qui donne
le gain au Blanc) ].} (5... Bb7 6. Nbd2 Nf6 7. Bd3 d6 8. a4 c4 9. Bb1 Nbd7 10.
O-O Be7 11. b3 O-O 12. bxc4 bxc4 13. e5 dxe5 14. dxe5 Nd5 15. Bxh7+ Kxh7 16.
Qb1+ Kg8 17. Qxb7 Nxe3 18. fxe3 Nxe5 19. Nxe5 Qxd2 20. Nxc4 {Benderac,S (2240)
-Tosic,M (2415)/Budva 1996/CBM 053 ext/1/2-1/2}) (5... Qc7 6. a4 b4 7. Qc2 Qb6
8. a5 b3 9. Qd1 Qc6 10. Nbd2 Nf6 11. e5 Nd5 12. Qxb3 Nxe3 13. fxe3 Qb7 14. Bd3
Qxb3 15. Nxb3 cxd4 16. exd4 Nc6 17. Rf1 Rb8 18. Bc2 d6 19. Ng5 Nd8 20. exd6 {
Andreev,I (1802)-Sadovaya,A (1418)/Kimry 2011/CBM 140 Extra/1-0 (45)}) 6. Nbd2
$146 {[Selon le livre d'ouverture que j'ai utilisé pour l'analyse, il s'agit
d'une nouveauté théorique! Vrai ou faux? Seul un expert saurait le dire...
{J'ai introduis deux parties afin de démontrer que le coup 6.Cbd2 est une
nouveauté théorique ].} (6. g3 Nc6 7. Bg2 Bb7 8. O-O Be7 9. a4 Nf6 10. axb5
axb5 11. Nbd2 O-O 12. Qb3 Qb6 13. Rfe1 Na5 14. Qc2 Rfc8 15. dxc5 dxc5 16. b4
Nc4 17. Nxc4 bxc4 18. Nd2 Qb5 19. bxc5 Rxa1 20. Rxa1 Bxc5 {Timofeeva,V-Manzik,
M/Tula 2004/ EXT 2006/1-0 (56)}) (6. dxc5 dxc5 7. Qxd8+ Kxd8 8. c4 Bd7 9. Ne5
Ke7 10. Bxc5+ Ke8 11. Bxf8 Kxf8 12. Nxd7+ Nxd7 13. cxb5 a5 14. Nc3 Nb6 15. Be2
Nf6 16. O-O Ke7 17. f4 {1-0 Sushkov,A (2147)-Kitova,T/Tula 2005/EXT 2006}) (6.
dxc5 dxc5 7. Qxd8+ Kxd8 $16) 6... Nf6 {[Les Noirs réalise qu'ils ont un retard
de éveloppement et corrige le tir].} 7. h3 {[Comme le mentionne mon programme
anglais; Je sécurise la case "g4" afin d'éviter que le Cavalier noir ne vienne
harceler mon Fou en "e3" qui est dans une fâcheuse position, sans case de
retraite]. [7.a4 [Je comprends mal cette variante... Pourquoi provoquer une
attaque sur l'aile Dame , alors que ma stratégie est de configurer une attaque
sur l'aile Roi. Difficile à comprendre c'est moteur d'analyse!].} (7. a4 b4 $14
) 7... Be7 8. Bd3 {[Tout comme les Noirs, je poursuis mon développement et
songe déjà à former une batterie, Fou, Dame pour provoquer une attaque à
l'aile Roi des Noirs]. [8.dxc5 [Encore une fois mon moteur d'analyse voit
autrement..., pourquoi vouloir tellement essayer de démolir l'aile Dame? En
plus d'abandonner le centre. Je n'y comprends rien...]. 8...dxc5 9.a4 b4+/=] 8.
..0-0 [Le jeu des Noirs commence à reprendre vie; les Noirs mettent leur Roi à
l'abrie; du moins pour l'instant].} (8. dxc5 dxc5 9. a4 b4 $14) 8... O-O {[Le
jeu des Noirs commence à reprendre vie; les Noirs mettent leur Roi à l'abrie;
du moins pour l'instant].} 9. Qe2 {[Comme je l'ai mentinné plus tôt, mon plan
consiste à attaquer sur l'aile Roi des Noirs en voulant former une batterie,
Dame , Fou sur la grande diagonale "b1-h7". Est-ce réalisable? Je crois que
oui mais avec l'aide de mon adversaire!].} c4 {Black gains space Black gains
space [Comme le mentionne mon moteur d'analyse, ce coup gagne de l'espace.
Cepandant les Noirs contribuent à mettre sur pied mon plan diabolique. J'avais
anticiper ce coup et mon adversaire ne semble pas réaliser que mon plan ne
peut se réaliser qu'avec son aide si précieuse].} 10. Bc2 {[Tout doucement mon
plan se dessine, il faut maintenant trouver le moyen de former la batterie
Dame, Fou qui doit être préparé discrètement].} Bb7 {[Encore un coup de
développement très utiles; Il faudra que les Blancs soient vigilant. Une
attaque sur l'aile Roi des Blancs semblent se dessiner!].} 11. O-O {[Je décide
de mettre mon Roi à l'abrie du côté le plus court puisque les Noirs ne sembles
pas êtres prêt pour une attaque immédiate puisque leurs développements n'est
pas terminer].} Nbd7 {[Décidément les Noirs sont sur la bonne voie!].} 12. Rad1
{[Les Tours doivent contrôller des colonnes ouvertes ou semi-ouverte; mais si
il n'y en pas elles doivent êtres acheminées vers le centre! Bon de plus si je
veux réaliser mon plan et former ma batterie, je ne dois pas obstruer cette
Tour].} Qa5 {[Je ne suis pas convaincu que se soit la bonne stratégie... Les
Noirs n'ont pas décelés mon plan et en plus ils contribuent encore sans le
savoir à déployer mon plan initial!].} 13. Bb1 {[Bon voilà... une pierre deux
coups! Je défend mon pion et je me permet de libérer la case "c2" pour la Dame
Blanche! Il faudra travailler encore un peu avant de pouvoir activer la Dame
blanche sur cette case mais je suis confiant!] . [13.e5 dxe5 (13...Qxa2?
doesn't solve anything 14.exf6 Nxf6 15.Rb1+-) 14. dxe5 Nd5+/= (14...Qxa2? is a
blank shot 15.exf6 Nxf6 16.Bd4+-) ] (} (13. e5 dxe5 (13... Qxa2 $2 {doesn't
solve anything} 14. exf6 Nxf6 15. Rb1 $18) 14. dxe5 Nd5 $14 (14... Qxa2 $2 {is
a blank shot} 15. exf6 Nxf6 16. Bd4 $18)) 13... h6 {Prevents intrusion on g5
Prevents intrusion on g5 [Selon moi il s'agit d'une imprécision et qui de plus
affaiblie l'aile Roi].} 14. Bf4 {White intends e5 White intends e5 [Comme le
mentionne mon moteur d'analyse, je vise à préparer la poussée du pion via "e5"
mais en plus je dois tenter de réaliser mon plan. Je dois donc activer mes
pièces afin d'enlever le Cavalier d2 qui obstrue le chemin de la Dame qui veut
se positionner en "c2". Je dois être patient et encore une fois espérer l'aide
de mon adversaire].} Nh5 {Black threatens to win material: Nh5xf4
Black threatens to win material: Nh5xf4 [Bon les Noirs collaborent encore une
fois puisque j'avais anticipé cette riposte. Il faut aussi mentionner ici que
un Cavalier sur la bande est inutile puisque l'ouverture des Noirs n'est pas
terminée. Il faudra remettre en jeu ce Cavalier tôt ou tard].} 15. Bh2 {[Tout
doucement mon plan se dessine; je met mon Fou à l'abri tout en songeant à
l'échanger plus tard contre un cavalier afin de libérer le Cavalier en d2 pour
ensuite activer la Dame en "c2"].} Rac8 (15... Nhf6 16. e5 Ne8 17. Ne4 $14) 16.
Rfe1 {[Voilà... j'active une Tour au centre et libère une case pour
l'activation du Cavalier via "f1" et ainsi permettre à la dame de conclure la
batterie via "c2"].} (16. e5 dxe5 17. dxe5 g6 18. Nxc4 bxc4 19. Rxd7 Rc7 20.
Rxc7 Bxf3 21. Qxf3 Qxc7 $18) 16... Nb6 (16... Nhf6 $5 $14 {[Et oui le Cavalier
n'a plus de raison d'être sur cette case alors il faut le remettre en jeu].]})
17. e5 $16 {[Une poussée libératrice...].} Nd5 $2 (17... dxe5 18. Nxe5 Nf6 19.
Ng6 $16) 18. Ne4 {[J'avais prévu d'amener ce Cavalier en 'f1" mais
l'activation des Noirs me force à reviser ma stratégie].} (18. Qe4 g6 19. exd6
Bg5 20. Nxg5 hxg5 $18) 18... Nhf4 $2 {[Encore une fois les Noirs se range de
mon côté! Quoi demander de mieux?].} (18... dxe5 19. Nxe5 Nhf6 20. Nxf6+ Nxf6
21. Qc2 $16) 19. Bxf4 {[Élimine le défenseur de l'aile Roi].} (19. Qc2 $142 {
would have given White a clear advantage} dxe5 20. Nc5 $18) 19... Nxf4 $16 20.
Qc2 {[Bon ma statégie a fonctionné, il faut maintenant que je mène à terme mon
plan diabolique].} Ng6 $4 {[Ce Cavalier aura la lourde tâche de sauver sa
majsté Royal; sera-t-il en mesure d'accomplir sa mission?].} (20... g6 21. Qc1
dxe5 22. dxe5 g5 $16) 21. exd6 $18 {[Gagne un pion et attaque une pièce noir,
forçant les Noirs à retraiter. Je ne crois pas que c'était prévu dans le plan
des Noirs].} Bd8 (21... Bxe4 {hardly improves anything} 22. Qxe4 Bf6 23. Qg4
$18) 22. Nc5 {[Si j'en crois mon moteur d'analyse, il s'agit d'une imprécision
mais moi je veux provoquer des choses, semer le doutte chez mon adversaire. Ne
dit-on pas que la menace est plus forte que l'exécution!].} (22. Ne5 $142 $5 {
and White can already relax} Qa4 23. b3 Qa3 $18) 22... Bxf3 23. gxf3 b4 {
[Concède un pion... je ne comprends pas ce geste].} 24. cxb4 Qb5 (24... Qxb4
25. Rxe6 $1 {Deflection: e6} Bf6 26. d7 $18) 25. Re5 {[Je vous laisse le
plaisir de lire l'analyse de mon moteur; Moi je n'avais pas vu cette tactique
qui selon mon moteur d'analyse donnait une partie plus facile pour les Blancs.
Bon enfin nous les simples humains aimons se compliquer la vie et vive
dangereusement!].} (25. Rxe6 {makes it even easier for White} Bf6 (25... fxe6
$143 26. Qxg6 Rf6 27. Qh7+ Kf7 28. Kh1 Rxc5 29. bxc5 $18) (25... Qxb4 $4 {the
pawn is indigestible} 26. Rxg6 fxg6 27. Qxg6 Rxc5 28. Qh7+ Kf7 29. Bg6+ Ke6 30.
dxc5 Qxc5 31. Qxg7 Qg5+ 32. Kf1 $18) 26. d7 Rb8 $18 (26... fxe6 {loses again}
27. dxc8=Q Rxc8 28. Qxg6 $18) (26... Qxb4 {again that pawn is deadly bait and
will cause Black grave problems} 27. dxc8=Q Rxc8 28. Nd7 $18)) 25... Qc6 $6 {
Black seems to have resigned himself to defeat. [Je traduis... Les Noirs
sembent avoir jetés la serviette].} (25... Bf6 26. Rxe6 $1 {Deflection: e6} Rc6
$18 (26... fxe6 27. Qxg6 Rfd8 28. Qh7+ Kf8 29. Bg6 Rxd6 30. Qh8+ Ke7 31. Qxc8
Bxd4 32. Qc7+ Rd7 33. Nxd7 Qxd7 34. Qxd7+ Kxd7 35. Rxd4+ Kc6 36. Rxc4+ Kb5 37.
Re4 $18)) 26. Nxe6 $1 {Deflection: e6. [Je ne m'attendais d'avoir une étoile
pour ce coup mais bon... mon but visait à déloger le Cavalier noir...].} Re8 (
26... fxe6 27. d5 {Double attack} (27. Qxg6 {Deflection}) (27. d5 {Decoy}) (27.
Qxg6 {Overloading})) 27. Nxd8 {[Il semble que j'ai manqué le coup tactic 27.d7
mais bon... un jour cela viendra! Il faut bien débuter quelque part, non!].} (
27. d7 $142 {and White wins} Rxe6 28. dxc8=Q Qxc8 29. Qf5 $18) 27... Rcxd8 (
27... Nxe5 $4 {fails to mate in 2} 28. Qh7+ Kf8 29. Qh8#) (27... Qxf3 {is
refuted with a beautiful mate} 28. Rxe8+ Kh7 29. Nxf7 Rxe8 30. Qxg6+ Kg8 31. d7
Qxd1+ 32. Kh2 Qg1+ 33. Kxg1 Re1+ 34. Kg2 Kf8 35. d8=Q+ Re8 36. Nd6 Rxd8 37.
Qf7#) (27... Qxd6 28. Rxe8+ Qf8 29. Rxf8+ Nxf8 30. Nxf7 a5 31. Qf5 Rc7 32. Be4
g6 33. Qf6 Rd7 34. Nxh6+ Kh7 35. Qxf8 Rg7 36. Nf7 Rxf7 37. Qxf7+ Kh8 38. Bxg6
axb4 39. Qf8#) (27... Rxe5 $4 {the pawn is safe and cannot be captured without
dire consequences} 28. Nxc6 Rg5+ 29. Kh2 Rxc6 30. d7 $18) 28. Qf5 {[Encore une
fois je vous laisse plaisir de lire l'analyse de mon moteur; quand à moi je ne
voyais pas la nessaicité de me départire de ma Dame puisque je voulais
conclure selon le plan que j'avais établie].} (28. Qe4 Qxe4 29. Rxe4 $18 (29.
Bxe4 $6 Nxe5 (29... Rxd6 $4 {that pawn is deadly bait and will cause Black
grave problems} 30. Rxe8+ Nf8 31. Rc8 $18) (29... Rxe5 $2 30. dxe5 Nxe5 31. a3
$18) 30. dxe5 Rxe5 $11)) 28... Nxe5 $4 {another step towards the grave C'est
incroyale mais vrai... ma batterie va fonctionner, mon plan a abouti, quoi de
plus satisfaisant pour un débutant qui a trvaillé tout au long de la partie.
C'est la cerise sur le sundäe!].} (28... Rxd6 $142 29. Rxe8+ Qxe8 $16) 29. Qh7+
Kf8 30. Qh8# 1-0 } 1-0 } 1-0

[Event "Tournoi ouvert de Gatineau (Section -1500)"]
[Site "Gatineau"]
[Date "2014.02.28"]
[Round "1"]
[White "Legare,Gilles"]
[Black "Demchenko,Svitlana"]
[Result "0-1"]
[BlackElo "1369"]
[WhiteElo "1115"]

1.e4 c6 2.Nf3 d5 3.e5 Bf5 4.d4 e6 5.Bd3 Bxd3 6.Bg5 Qa5+ 7.Bd2 Bxc2 8.Qxc2 Qb6
9.O-O Ne7 10.a3 Ng6 11.Bb4 Bxb4 12.axb4 Qxb4 13.Qd2 Qxd2 14.Nbxd2 Nd7 15.b4
Ke7 16.Nb3 Rhc8 17.Nc5 Nxc5 18.bxc5 h6 19.g3 b6 20.Nh4 Nxh4 21.gxh4 bxc5
22.dxc5 Rcb8 23.Ra6 Kd7 24.Kh1 g6 25.Rfa1 Rb7 26.Kg2 Kc7 27.Kf1 Kd7 28.f4 Rb5
29.Rc1 Rb4 30.Kg2 Rxf4 31.Kg3 Rb4 32.Rf1 Ke7 33.Rxc6 Rb7 34.Ra6 Rc8 35.c6
Rbc7 36.Rc1 Rb8 37.Rc3 Rb6 38.Rca3 Rbxc6 39.Rxc6 Rxc6 40.Rxa7+ Kf8 41.Ra8+
Kg7 42.Rd8 Rc4 43.h5 gxh5 44.h4 Re4 45.Ra8 Rxe5 46.Kf4 Re4+ 47.Kg3 Rg4+
48.Kh3 d4 49.Rd8 Kf6 50.Rd7 e5 51.Rd6+ Kg7 52.Rd5 f6 53.Rd8 Kg6 54.Rg8+ Kf5
55.Rd8 Ke4 56.Rh8 Rg6 57.Ra8 d3 58.Ra4+ Ke3 59.Ra3 Ke2 60.Ra4 d2 61.Ra2 Ke1
0-1

[Event "Tournoi ouvert de Gatineau (Section -1500)"]
[Site "Gatineau"]
[Date "2014.02.28"]
[Round "1"]
[White "Ouimet,Alain H."]
[Black "Dupont-Mageau,Nicolas"]
[Result "1-0"]
[BlackElo "1070"]
[WhiteElo "1350"]

1.d4 Nf6 2.c4 g6 3.Nc3 Bg7 4.Nf3 e6 5.e4 d5 6.Bg5 dxe4 7.Nxe4 h6 8.Nxf6+ Bxf6
9.Be3 Qe7 10.Qc2 Nc6 11.a3 b6 12.Be2 Ba6 13.Qa4 Bb7 14.O-O O-O-O 15.Rfd1 Kb8
16.Rac1 Bg5 17.Rc3 Rd7 18.b4 Rhd8 19.b5 Na5 20.Ne5 Bxe3 21.Nxd7+ Rxd7 22.Rxe3
Qg5 23.Rg3 Qf6 24.c5 Bd5 25.Qb4 h5 26.Rgd3 h4 27.Rh3 e5 28.Bg4 Qg5 29.c6 Rd8
30.dxe5 Qxe5 31.Rhd3 Qg5 32.Rxd5 Rxd5 33.Qf8+ 1-0

[Event "Tournoi ouvert de Gatineau (Section -1500)"]
[Site "Gatineau"]
[Date "2014.02.28"]
[Round "1"]
[White "Gunn,Richard"]
[Black "Simard,Paul"]
[Result "1-0"]
[BlackElo "1286"]
[WhiteElo "1206"]

{ E10: Gambit Blumenfeld } 1.Nf3 Nc6 2.d4 d5 3.c4 e6 4.a3 Nf6 5.Nc3
{ dernier coup de la bibliothèque } 5...b6 ( 5...Bd6 6.Bg5 h6 7.cxd5 exd5
8.Bxf6 Qxf6 9.Nxd5 $16 ) 6.Bg5 h6 ( 6...Be7 $5 $14
{ semble avoir du mérite. } ) 7.Bxf6 $16 Qxf6 $2 ( 7...gxf6 $142 $5 8.cxd5
exd5 $18 ) 8.cxd5 $18 exd5 9.Nxd5 Qd6 10.e4 Be7 $2 ( 10...Bb7 11.Bc4 $18 )
11.Qc2 ( 11.Qa4 $142 $5 { peut être le
plus court chemin. } 11...Bd7 12.Bb5 Rc8 $18 ) 11...Bd7 12.Rc1 ( 12.Bb5
{ et les
Blancs peuvent se relaxer. } 12...a6 13.Ba4 b5 $18 ) 12...O-O ( 12...Bg5
13.Rd1 O-O-O $18 ) 13.Nxc7 { Sacrifie du matériel. } ( 13.Nxe7+ $6 Qxe7
14.Ba6 Nd8 $18 ) 13...Rac8 { Les Noirs menacent un gain matériel: Tc8xc7 } ( 
13...Qxc7 14.d5 { Pion passé } ) ( 13...-- $140 14.Nxa8 { Gagne du matériel }
) 14.Nb5 { Les Blancs
menacent un gain matériel: Cb5xd6 } 14...Qf6 $2 ( 14...Qf4 $142 $5
{ et les Noirs
sont encore dans la partie. } 15.Nc3 Bg4 $11 ) 15.Nc3 $16 Nxd4 ( 15...Bg4
16.d5 Na5 17.Be2 $16 ) 16.Nxd4 $18 Qxd4 17.Rd1 Qf6 $4 { accélère la fin. } ( 
17...Rxc3 $142 18.bxc3 Qa4 19.Qxa4 Bxa4 $18 ) 18.Rxd7 a5 ( 18...Bxa3
{ ne rattrape
rien. } 19.Ba6 ( 19.bxa3 $6 Rxc3 20.Qd2 Qc6 $18 ) 19...Rc5 20.O-O ( 20.bxa3
$6 Rxc3 21.Qd2 Rxa3 $18 ) 20...Bxb2 21.Qxb2 Qxc3 22.Qxc3 Rxc3 23.Rxa7 $18 )
19.Ba6 Rc6 ( 19...Rc5 { ne change rien. } 20.O-O $18 ) 20.O-O ( 20.Bb7
{ semble
même mieux. } 20...Rc5 21.Qd2 Qe5 $18 ) 20...Qe6 ( 20...Bxa3
{ n'est pas d'une
grande aide. } 21.Bb7 Rc5 22.Qb3 $18 ) 21.Rfd1 Rd6 ( 21...Bd6
{ un essai
stérile qui ne modifie pas le cours de la partie. } 22.Ra7 $18 ) 22.R7xd6
Bxd6 23.Nd5 Bc5 24.b4 axb4 25.axb4 Be7 ( 25...Bd6
{ n'améliore vraiment rien. } 26.Bc4 $18 ) 26.Qc7 ( 26.Bc8 $142 $1
{ semble mieux. } 26...Qd6 $18 ) 26...Re8 27.Qxb6 ( 27.Bd3 $142
{ est encore plus facile pour les Blancs. } 27...h5 $18 ) 27...Qxe4 ( 
27...Qxb6 { ne peut effacer ce qui a déjà été fait. } 28.Nxb6 Bxb4 29.Bb7 $18
) 28.Qe3 ( 28.Bb5 $142 { peut être le plus court chemin. } 28...Bg5 29.Bxe8
Qxe8 30.b5 $18 ) 28...Qc2 ( 28...Qxe3
{ un dernier effort pour résister à l'inévitable. } 29.fxe3 Kf8 $18 )
29.Nxe7+ Rxe7 30.Rd8+ Kh7 31.Bd3+ Qxd3 ( 31...g6 { ne fait
rien de bon. } 32.Qxe7 Qc1+ 33.Bf1 Kg7 34.Qe5+ f6 35.Qe7# ) 32.Qxd3+ g6
33.Kf1 Ra7 ( 33...h5 { n'aide pas beaucoup. } 34.Qd6 Ra7 35.Qf6 Ra1+ 36.Qxa1
Kh6 37.Qf6 h4 38.Rh8# ) 34.Qc3 ( 34.Qc3 f6 35.Qxf6 Rg7 36.Qf8 g5 37.Qf5+ Rg6
38.Rd7+ Kg8 39.Qf7+ Kh8 40.Qh7# ) ( 34.Qd4 g5 35.g4 Ra1+ 36.Qxa1 Kg6 37.Rg8+
Kh7 38.Qg7# ) 1-0

[Event "Tournoi ouvert de Gatineau (Section -1500)"]
[Site "Gatineau"]
[Date "2014.03.01"]
[Round "2"]
[White "Raymond,Robert"]
[Black "Menard,Marc"]
[Result "1/2-1/2"]
[BlackElo "1456"]
[WhiteElo "1348"]

1.e4 e5 2.Nf3 Nc6 3.Bb5 a6 4.Ba4 Nf6 5.O-O b5 6.Bb3 Be7 7.c3 O-O 8.d4 exd4
9.e5 Ne8 10.cxd4 d6 11.d5 Nxe5 12.Nxe5 dxe5 13.Nc3 Nd6 14.Bc2 Bg5 15.Ne4 Nxe4
16.Bxe4 f5 17.Bc2 Bb7 18.Bb3 Kh8 19.f4 exf4 20.Bxf4 Bf6 21.Rb1 c5 22.dxc6
Bxc6 23.Qd6 Qb6+ 24.Rf2 Bd4 25.Rf1 Rad8 26.Qc7 Rd7 27.Qxb6 Bxb6 28.Kh1 Bxf2
29.Rxf2 Rfd8 30.h3 Bd5 31.Bg5 Bxb3 32.Bxd8 Bxa2 33.Ba5 g6 34.b4 Bb1 35.g4
Be4+ 36.Kh2 Rd1 37.gxf5 Bxf5 38.h4 Rc1 39.h5 Rc2 40.Rxc2 Bxc2 41.h6 Kg8
42.Kg3 Kf7 43.Kf4 Kf6 44.Bd8+ Ke6 45.Kg5 Bd3 46.Ba5 Ke7 47.Bb6 Ke6 48.Ba5 Kd5
49.Kf6 Kc4 50.Kg5 1/2-1/2

[Event "Tournoi ouvert de Gatineau (Section -1500)"]
[Site "Gatineau"]
[Date "2014.03.01"]
[Round "2"]
[White "Dupont-Mageau,Nicolas"]
[Black "Latreille,Etienne"]
[Result "0-1"]
[BlackElo "1426"]
[WhiteElo "1070"]

1.e4 e5 2.Nf3 d6 3.Bc4 Bg4 4.h3 Bh5 5.Nc3 a6 6.a4 Nf6 7.d3 h6 8.Be3 Qd7 9.d4
Nc6 10.dxe5 Nxe5 11.Nxe5 dxe5 12.Qxd7+ Nxd7 13.Nd5 O-O-O 14.g4 Bg6 15.f3 Bc5
16.Bxc5 Nxc5 17.Ne7+ Kb8 18.Nxg6 fxg6 19.b4 Rd4 20.Bf7 Rxb4 21.Bxg6 Nxa4
22.Rd1 Nc3 23.Rd7 Rb1+ 24.Kd2 Rxh1 25.Kxc3 Rxh3 26.Rf7 Rd8 27.Kb2 Rd2 28.f4
exf4 29.Rxf4 Re3 30.Rf5 Rg2 31.Rf8+ Ka7 32.Bf5 Ree2 33.e5 Rxe5 34.Rf7 g6
35.Bxg6 Rxg4 36.Bf5 Rf4 37.Bg6 Rxf7 38.Bxf7 h5 39.Bxh5 Rxh5 40.Kc3 c5 41.Kb3
b5 42.c4 bxc4+ 43.Kxc4 Kb6 0-1